000 00414nam a2200181Ia 4500
001 9891
005 20260306161751.0
008 260306t2006||||xx |||||||||||||| ||spa||
041 _aESP
082 _a808.027
_bA64
100 _aGelfand, Harold
_eAUT
245 0 _aMastering APA Style
260 _c2006
300 _ax, 241 páginas :
_c28 cm.
650 _aGEN
654 _aCHU
942 _cLIB
_dJUS
_fJUS
_2ddc
_n
999 _c9891
_d9891